One piece: Paramecia Devil Fruits by Picture & Name - Statistics

General Stats
  • This quiz has been taken 132 times
  • The average score is 15 of 23
Answer Stats
Hint Answer % Correct

Mochi Mochi no Mi

Charlotte Katakuri

86%

Ope Ope no Mi

Trafalgar D. Law

86%

Mero Mero no Mi

Boa Hancock

85%

Horo Horo no Mi

Perona

85%

Hana Hana no Mi

Nico Robin

81%

Ito Ito no Mi

Doflamingo

74%

Jiki Jiki no Mi

Eustass Kid

74%

Doru Doru no Mi

Galdino

74%

Sube Sube no Mi

Alvida

71%

Supa Supa no Mi

Daz Bonez

69%

Nikyu Nikyu no Mi

Kuma

67%

Gura Gura no Mi

Marshall D. Teach

67%

Bara Bara no Mi

Buggy

64%

Kage Kage no Mi

Gecko Moria

61%

Hobi Hobi no Mi

Sugar

54%

Baku Baku no Mi

Wapol

54%

Yomi Yomi no Mi

Brook

51%

Awa Awa no Mi

Kalifa

51%

Bomu Bomu no Mi

Gem

50%

Kiro Kiro no Mi

Mikita

50%

Mane Mane no Mi

Bentham

47%

Nui Nui no Mi

Leo

46%

Fude Fude no Mi

Kurozumi Kanjuro

40%
No matching quizzes found
Score Distribution
Percent of People with Each Score
Percentile by Number Answered
Your Score History
You have not taken this quiz